| 000 | 01143nam a22003497a 4500 | ||
|---|---|---|---|
| 003 | CHAP | ||
| 005 | 20220329140406.0 | ||
| 008 | 971013s1994 r 00010 d | ||
| 010 | _a51343 | ||
| 011 | _a52315 | ||
| 035 | _a56465 | ||
| 040 | _cCHAP | ||
| 082 |
_a664.92 _bH3 |
||
| 100 | 0 | 0 |
_aHafs, Harold D. _952210 |
| 245 |
_aLow-fat meats _b: design strategies and human implications |
||
| 260 |
_aSan Diego, Ca. : _bAcademic Press, _c1994 |
||
| 300 | _a328 p. | ||
| 490 | _aFood science and technology | ||
| 590 |
_aBATCH-UPD _b10 _c20130110 _lUCH01 _h0626 |
||
| 590 |
_aBATCH-UPD _b10 _c20130410 _lUCH01 _h0309 |
||
| 590 |
_aBATCH-UPD _b10 _c20130914 _lUCH01 _h0138 |
||
| 590 |
_aCONVERSION _b10 _c20130109 _lUCH01 _h1328 |
||
| 650 | 1 | 4 |
_aAlimentos _xPropiedades organolepticas. _94270 |
| 650 | 1 | 4 |
_aCarne _xAnĂ¡lisis. _919061 |
| 650 | 1 | 4 |
_aCarne _xContenido de grasa. _919075 |
| 650 | 1 | 4 |
_aCarne _xIndustria. _919079 |
| 700 | 0 |
_aZimbelman, Robert G. _9124031 |
|
| 830 | 0 |
_aFood science and technology _942197 |
|
| 901 | _aBK | ||
| 942 | _cLIBRO | ||
| 949 |
_a664.92 H3 _bBC _cLIBRO _d33724000088852 _eLIBRO _gI. 180361 _h89700 _i56465 _si _t623.00 |
||
| 999 |
_c51343 _d51343 |
||